[Event "Excaliburs-Kemper"]
[Site "?"]
[Date "2000.03.28"]
[Round "?"]
[White "Andresen, T"]
[Black "Easton, R"]
[Result "0-1"]
[WhiteElo "1820"]
[BlackElo "1744"]
[PlyCount "92"]
[EventDate "2000.??.??"]

1. e4 c5 2. c4 Nc6 3. Nc3 g6 4. d3 Bg7 5. g3 Nf6 6. Bg2 O-O 7. Nge2 a6 8. O-O
Rb8 9. f4 d6 10. h3 Nd4 11. Nxd4 cxd4 12. Ne2 e5 13. f5 b5 14. b3 bxc4 15. bxc4
Qa5 16. g4 gxf5 17. gxf5 Bd7 18. Ng3 Ba4 19. Qe2 Qc3 20. Bd2 Qb2 21. Kh2 Kh8
22. a3 Bc2 23. Bb4 Qb3 24. Rf3 Rfd8 25. Rc1 Bb1 26. Qd1 Qxd1 27. Rxd1 Bc2 28.
Rd2 Ba4 29. Rff2 Bh6 30. Rb2 Bf4 31. Bf3 Rb7 32. Rg2 Rdb8 33. Ra2 Rb6 34. h4
Rg8 35. Kh3 Rxg3+ 36. Rxg3 Bxg3 37. Kxg3 Nd7 38. Rg2 Nc5 39. Bh5 Nxd3 40. Bxf7
Rb7 41. Bd5 Rg7+ 42. Kf3 Rxg2 43. Kxg2 Nxb4 44. axb4 d3 45. f6 d2 46. f7 Kg7
0-1

[Event "Excaliburs-Kemper"]
[Site "?"]
[Date "2000.03.28"]
[Round "?"]
[White "Weitz, R"]
[Black "Olsen, A"]
[Result "1/2-1/2"]
[WhiteElo "1649"]
[BlackElo "1518"]
[PlyCount "76"]
[EventDate "2000.??.??"]

1. d4 Nf6 2. Nf3 g6 3. e3 Bg7 4. Nbd2 O-O 5. Bd3 b6 6. c3 Bb7 7. O-O d6 8. Re1
Re8 9. e4 e5 10. d5 c6 11. c4 cxd5 12. cxd5 a6 13. b4 Bc8 14. Nc4 a5 15. Be3
axb4 16. Nxb6 Ra5 17. Nc4 Ra8 18. Bd2 Na6 19. Qb1 Rb8 20. Be3 Re7 21. Nfd2 Ng4
22. Nb3 Nxe3 23. Nxe3 Bh6 24. Qd1 Bxe3 25. Rxe3 Qb6 26. Rg3 Rc7 27. Qf1 Nc5 28.
Rc1 Nxd3 29. Rxc7 Qxc7 30. Qxd3 Ra8 31. h4 Rxa2 32. h5 Ba6 33. Qe3 Be2 34. h6
Qe7 35. Qb6 Rb2 36. Qxb4 Rb1+ 37. Kh2 Qh4+ 38. Rh3 Qf4+ 1/2-1/2

[Event "Excaliburs-Kemper"]
[Site "?"]
[Date "2000.03.28"]
[Round "?"]
[White "Suerth, F"]
[Black "Cummuta, P"]
[Result "1-0"]
[WhiteElo "1562"]
[BlackElo "1505"]
[PlyCount "81"]
[EventDate "2000.??.??"]

1. e4 c5 2. Nf3 Nc6 3. d4 cxd4 4. Nxd4 g6 5. Nxc6 bxc6 6. Bc4 Bg7 7. O-O e6 8.
Qf3 Ne7 9. Nc3 O-O 10. Bg5 h6 11. Bf6 Bxf6 12. Qxf6 d5 13. Rad1 Bb7 14. Bb3 Qc7
15. h3 Rad8 16. Rfe1 Nc8 17. e5 Nb6 18. Rd4 Nd7 19. Qh4 Kh7 20. Qg3 Rh8 21. Nd1
c5 22. Rf4 Rdf8 23. c3 Kg7 24. Bc2 h5 25. h4 c4 26. Rf6 Rh6 27. Qf4 Nc5 28. Re3
Qe7 29. Qg5 Qd8 30. Ref3 Qe8 31. R6f4 Ne4 32. Bxe4 dxe4 33. Re3 Qd7 34. Re1 Bc6
35. Kh2 Rb8 36. a3 Ba4 37. Ne3 Bb3 38. Rxe4 Qc7 39. Rf4 Rb5 40. Qf6+ Kf8 41.
Re2 {Bl flagged} 1-0

[Event "CTA-Aces"]
[Site "?"]
[Date "2000.04.13"]
[Round "?"]
[White "Abraham, T"]
[Black "Reyes, R"]
[Result "0-1"]
[WhiteElo "1603"]
[BlackElo "2340"]
[PlyCount "85"]
[EventDate "2000.??.??"]

1. d4 Nf6 2. c4 c5 3. d5 b5 4. cxb5 a6 5. bxa6 Bxa6 6. Nc3 g6 7. Nf3 d6 8. g3
Bg7 9. Bg2 O-O 10. O-O Nbd7 11. Bf4 Qc7 12. Re1 Ng4 13. Qc1 Rfb8 14. Rb1 Nge5
15. b3 Nxf3+ 16. Bxf3 Ra7 17. Qd2 Rab7 18. e3 h6 19. e4 g5 20. Be3 Ne5 21. Be2
Bxe2 22. Qxe2 g4 23. Kg2 Rb4 24. Rec1 Qd7 25. Bd2 Nf3 26. Nd1 Nxd2 27. Qxd2
Rxe4 28. Ne3 f5 29. Qd3 Rf8 30. Re1 Rd4 31. Qe2 f4 32. gxf4 Rdxf4 33. Rf1 Rf3
34. Nc4 Bd4 35. Qe6+ Qxe6 36. dxe6 Rxf2+ 37. Rxf2 Rxf2+ 38. Kg3 Rxa2 39. Rf1
Re2 40. Kxg4 Rxe6 41. Nb6 Re3 42. Nd5 Re4+ 43. Kh3 0-1

[Event "CTA-Aces"]
[Site "?"]
[Date "2000.04.13"]
[Round "?"]
[White "Villarreal, E"]
[Black "Czerniecki, A"]
[Result "0-1"]
[WhiteElo "1145"]
[BlackElo "1978"]
[PlyCount "66"]
[EventDate "2000.??.??"]

1. d4 Nf6 2. e3 g6 3. Nf3 d6 4. Nbd2 Bg7 5. c4 O-O 6. b3 b6 7. Be2 c5 8. Qc2
Nc6 9. dxc5 bxc5 10. O-O a5 11. a3 Rb8 12. Bb2 Qb6 13. Rab1 h6 14. Bxf6 Bxf6
15. Bd3 Kg7 16. Ne4 Bg4 17. Nxf6 exf6 18. Nh4 Ne5 19. f4 Nxd3 20. Qxd3 Rfe8 21.
h3 Bc8 22. Rfd1 Bb7 23. Qxd6 Qxd6 24. Rxd6 Rxe3 25. Kf2 Rbe8 26. Rb2 R3e4 27.
g3 Bc8 28. Rd5 a4 29. Rxc5 axb3 30. Rxb3 Bxh3 31. a4 Re2+ 32. Kf3 h5 33. a5
Bg4# 0-1

[Event "Aces-CTA"]
[Site "?"]
[Date "2000.04.13"]
[Round "?"]
[White "Golla, R"]
[Black "Van Outrive, R"]
[Result "1-0"]
[WhiteElo "1863"]
[BlackElo "1063"]
[PlyCount "91"]
[EventDate "2000.??.??"]

1. Nf3 d5 2. c4 e6 3. Nc3 Nc6 4. e3 Bb4 5. d4 Bxc3+ 6. bxc3 Qd6 7. a4 Nf6 8.
Ba3 Qd8 9. Qc2 Ne7 10. Ne5 c6 11. Be2 O-O 12. O-O Qc7 13. a5 a6 14. h3 Re8 15.
Rfb1 Nd7 16. f4 Ng6 17. Nxd7 Qxd7 18. Rb6 f6 19. Bh5 f5 20. c5 Qd8 21. Qf2 e5
22. Bxg6 hxg6 23. fxe5 Qg5 24. Qf4 Qd8 25. h4 Re6 26. g3 g5 27. Qxg5 Qxg5 28.
hxg5 g6 29. Kg2 Rb8 30. Rab1 Kg7 31. Kf3 Re7 32. Rxc6 bxc6 33. Rxb8 Bb7 34. Kf4
Kf7 35. Rh8 Kg7 36. Rh4 Bc8 37. Rh1 Re8 38. Bb4 Rh8 39. Rh4 Rh5 40. Ba3 Bd7 41.
Bc1 Be8 42. Rxh5 gxh5 43. Kxf5 Bg6+ 44. Ke6 Be8 45. Ke7 Bf7 46. Kd6 1-0

[Event "CTA-Aces"]
[Site "?"]
[Date "2000.04.13"]
[Round "?"]
[White "Nowak, W"]
[Black "Sagalovsky, L"]
[Result "0-1"]
[WhiteElo "1318"]
[BlackElo "1994"]
[PlyCount "84"]
[EventDate "2000.??.??"]

1. e4 c5 2. Nf3 d6 3. d4 cxd4 4. Nxd4 Nf6 5. Nc3 g6 6. Bb5+ Bd7 7. Bxd7+ Nbxd7
8. Bg5 Bg7 9. Qd2 O-O 10. Bh6 Bxh6 11. Qxh6 Qb6 12. O-O-O Rac8 13. Qd2 Ne5 14.
b3 Qb4 15. Nd5 Qa3+ 16. Kb1 Nxe4 17. Qe3 f5 18. Nxe7+ Kf7 19. Nxc8 Rxc8 20. Nb5
Qa5 21. Nxd6+ Nxd6 22. Rxd6 Rc3 23. Qh6 Kg8 24. Rhd1 Rc8 25. Qg5 Nf7 26. Qd2
Qc5 27. Rd3 Qc7 28. Rc3 Qxc3 29. Qxc3 Rxc3 30. Kb2 Rc7 31. h3 Re7 32. g4 f4 33.
h4 Re2 34. f3 Ne5 35. Rd8+ Kg7 36. h5 gxh5 37. gxh5 Kh6 38. Rd1 Nxf3 39. Rf1
Ne5 40. a4 f3 41. b4 f2 42. Kc1 Re1+ 0-1

[Event "Case-Lucent"]
[Site "?"]
[Date "2000.04.24"]
[Round "?"]
[White "White, H"]
[Black "Warren, J"]
[Result "1/2-1/2"]
[WhiteElo "1663"]
[BlackElo "2096"]
[PlyCount "44"]
[EventDate "2000.??.??"]

1. d4 Nf6 2. c4 e6 3. Nc3 Bb4 4. e3 O-O 5. Bd3 c5 6. Nf3 Nc6 7. O-O d5 8. a3
Bxc3 9. bxc3 cxd4 10. cxd4 dxc4 11. Bxc4 Qc7 12. Bd3 e5 13. dxe5 Nxe5 14. Bb2
Nxd3 15. Qxd3 Rd8 16. Bd4 Bg4 17. Rfc1 Qd6 18. Nd2 Rac8 19. f3 Be6 20. Qf1 Bd5
21. Qe1 Rxc1 22. Qxc1 b6 1/2-1/2

[Event "Knights-UOP"]
[Site "?"]
[Date "2000.03.30"]
[Round "?"]
[White "Fridman, Y"]
[Black "Stevanovic, M"]
[Result "1-0"]
[WhiteElo "1981"]
[BlackElo "2230"]
[PlyCount "33"]
[EventDate "2000.??.??"]

1. e4 g6 2. d4 Bg7 3. Nf3 e6 4. c4 Ne7 5. Nc3 b6 6. Be2 Bb7 7. O-O O-O 8. Bg5
f6 9. Bf4 d5 10. exd5 exd5 11. Rc1 dxc4 12. Bxc4+ Kh8 13. Re1 g5 14. Bxg5 fxg5
15. Nxg5 Qxd4 16. Qxd4 Bxd4 17. Rxe7 1-0

[Event "UOP-Knights"]
[Site "?"]
[Date "2000.03.30"]
[Round "?"]
[White "Lechnick, J"]
[Black "Thomson, J"]
[Result "1-0"]
[WhiteElo "1796"]
[BlackElo "1653"]
[PlyCount "87"]
[EventDate "2000.??.??"]

1. e4 c5 2. Nf3 d6 3. d4 cxd4 4. Nxd4 Nf6 5. Nc3 a6 6. Be3 e5 7. Nf3 Be7 8. h3
b5 9. a3 Bb7 10. Bd3 O-O 11. O-O Nbd7 12. Ne1 Nc5 13. f3 Nh5 14. Ne2 Bg5 15.
Qd2 Ne6 16. Bxg5 Qxg5 17. Qxg5 Nxg5 18. Kh2 Ne6 19. c3 Rad8 20. a4 Rb8 21. axb5
axb5 22. g3 Nf6 23. Bc2 Nc5 24. Nd3 Nxd3 25. Bxd3 Bc6 26. g4 d5 27. exd5 Nxd5
28. Ng3 Rfd8 29. Be4 Ne7 30. Rfd1 Bd7 31. Ra7 Bxg4 32. Rxd8+ Rxd8 33. hxg4 Rd2+
34. Kh3 Ng6 35. Ra8+ Nf8 36. Bxh7+ Kxh7 37. Rxf8 Rxb2 38. Rxf7 Rc2 39. Ne4 Kg6
40. Rf5 Rb2 41. Rxe5 b4 42. cxb4 Rxb4 43. Rf5 Rb3 44. Kg3 1-0

[Event "Knights-UOP"]
[Site "?"]
[Date "2000.03.30"]
[Round "?"]
[White "Cygan, J"]
[Black "Arond, D"]
[Result "1-0"]
[WhiteElo "1598"]
[BlackElo "1719"]
[PlyCount "83"]
[EventDate "2000.??.??"]

1. e4 e5 2. f4 Nf6 3. Nc3 d5 4. exd5 Nxd5 5. fxe5 Nxc3 6. bxc3 Qh4+ 7. Ke2 Qe4+
8. Kf2 Qxe5 9. Nf3 Qf6 10. Bc4 Be7 11. d4 Bg4 12. Bg5 Bxf3 13. Bxf6 Bxd1 14.
Bxe7 Kxe7 15. Raxd1 Re8 16. Rd3 Kf8 17. Rf3 f6 18. g4 Nd7 19. g5 Re7 20. Rd1
Rae8 21. Rd2 Re4 22. Bd3 Rh4 23. Kg3 Rh5 24. h4 Re7 25. Kg4 g6 26. gxf6 Rf7 27.
Rdf2 Nb6 28. c4 Ra5 29. c3 Ra3 30. Bf1 c6 31. h5 gxh5+ 32. Kxh5 Ra4 33. c5 Nd5
34. c4 Nc7 35. Re3 b6 36. Kg5 bxc5 37. dxc5 Ra5 38. Re5 Na6 39. Rd2 Rb7 40.
Rd8+ Kf7 41. Be2 h6+ 42. Kf5 1-0

[Event "UOP-Kings"]
[Site "?"]
[Date "2000.04.27"]
[Round "?"]
[White "Stevanovic, M"]
[Black "Melnikov, I"]
[Result "1-0"]
[WhiteElo "2230"]
[BlackElo "1998"]
[PlyCount "59"]
[EventDate "2000.??.??"]

1. Nc3 d5 2. e4 d4 3. Nce2 e5 4. Ng3 Nf6 5. Nf3 Nbd7 6. Bc4 h6 7. d3 Bb4+ 8. c3
dxc3 9. Bxf7+ Kxf7 10. Qb3+ Nd5 11. Qxd5+ Kg6 12. O-O Kh7 13. Qb3 cxb2 14. Bxb2
Bd6 15. d4 exd4 16. Bxd4 c5 17. Bc3 Qc7 18. Qb2 Nb6 19. e5 Be7 20. Qc2+ g6 21.
h4 Rd8 22. h5 Bf5 23. Nxf5 gxf5 24. e6 Qf4 25. Ne5 Bd6 26. g3 Qe4 27. Qxe4 fxe4
28. Nf7 Nc4 29. Rfd1 Bb8 30. Rxd8 1-0

[Event "Kings-UOP"]
[Site "?"]
[Date "2000.04.27"]
[Round "?"]
[White "Wallach, C"]
[Black "Buerger, E"]
[Result "1-0"]
[WhiteElo "1953"]
[BlackElo "2040"]
[PlyCount "89"]
[EventDate "2000.??.??"]

1. e4 c5 2. Nf3 Nc6 3. d4 cxd4 4. Nxd4 g6 5. Be3 Bg7 6. c4 Nf6 7. Nc3 O-O 8.
Be2 b6 9. O-O Bb7 10. f3 d6 11. Rc1 Rc8 12. Qd2 Qd7 13. Rfd1 Ne8 14. f4 Nxd4
15. Bxd4 Qe6 16. Bxg7 Kxg7 17. Qd4+ Nf6 18. Bd3 Kg8 19. h3 Nh5 20. Nd5 Bxd5 21.
cxd5 Qf6 22. Qxf6 Nxf6 23. Rc6 Rxc6 24. dxc6 Rc8 25. Rc1 Rc7 26. b4 Nh5 27. f5
g5 28. Kf2 Kg7 29. g3 Kf6 30. Be2 Ng7 31. Ke3 Ke5 32. b5 Ne8 33. Bh5 Nf6 34.
Bxf7 Nxe4 35. g4 d5 36. Bxd5 Kxd5 37. Rd1+ Kc5 38. Rd7 Rc8 39. Kxe4 Kxb5 40. c7
Kc6 41. Rxe7 Rxc7 42. Rxc7+ Kxc7 43. Ke5 Kd7 44. Kf6 h6 45. Kg7 1-0

[Event "UOP-Kings"]
[Site "?"]
[Date "2000.04.27"]
[Round "?"]
[White "Boldingh, E"]
[Black "Piparia, J"]
[Result "0-1"]
[WhiteElo "1862"]
[BlackElo "1854"]
[PlyCount "72"]
[EventDate "2000.??.??"]

1. e4 g6 2. d4 Bg7 3. Nc3 c5 4. Be3 Qa5 5. Nf3 d6 6. h3 Nf6 7. Qd2 cxd4 8. Nxd4
O-O 9. Be2 Nc6 10. O-O Nxd4 11. Bxd4 Nxe4 12. Nxe4 Qxd2 13. Nxd2 Bxd4 14. c3
Bg7 15. Rfe1 Re8 16. Nc4 Bd7 17. Rad1 Rac8 18. Ne3 Rc5 19. Bf3 b6 20. Rd2 h5
21. Nd5 e6 22. Nb4 d5 23. Nd3 Rcc8 24. Ne5 Bb5 25. Bd1 Bh6 26. Rd4 Kg7 27. Bc2
Re7 28. g3 Bg5 29. h4 Bf6 30. Rd2 Rec7 31. Kg2 Bc6 32. Kh3 Bb7 33. f3 Rd8 34.
Ba4 a6 35. Bb3 b5 36. Bc2 a5 0-1

[Event "UOP-Kings"]
[Site "?"]
[Date "2000.04.27"]
[Round "?"]
[White "Lechnick, J"]
[Black "Balicki, J"]
[Result "1-0"]
[WhiteElo "1796"]
[BlackElo "1593"]
[PlyCount "93"]
[EventDate "2000.??.??"]

1. e4 d5 2. exd5 Nf6 3. c4 c6 4. dxc6 Nxc6 5. Nc3 Bf5 6. Nge2 e5 7. a3 Be7 8.
Ng3 Bg6 9. d3 Qd7 10. f3 Rd8 11. Nce4 Nh5 12. Nxh5 Bxh5 13. Be3 Bg6 14. g4 Bh4+
15. Bf2 Qe7 16. Be2 Bxe4 17. fxe4 Bxf2+ 18. Kxf2 Qh4+ 19. Kg2 O-O 20. Qe1 Qxe1
21. Rhxe1 Nd4 22. Rad1 Rd6 23. Bf1 Rf6 24. Re3 g5 25. Rd2 Rd8 26. Rf2 Rb6 27.
Re1 Rb3 28. Rd1 Rd6 29. Kg3 Ne6 30. Rf5 Nf4 31. Rxg5+ Kf8 32. Rxe5 Rdxd3+ 33.
Bxd3 Nxd3 34. Rxd3 Rxd3+ 35. Kf4 Rb3 36. Rb5 Rxb5 37. cxb5 b6 38. b4 f6 39. Kf5
Ke7 40. a4 h5 41. gxh5 Kf7 42. h6 Kg8 43. Kxf6 Kh7 44. e5 Kxh6 45. e6 a5 46.
bxa5 bxa5 47. e7 1-0

[Event "Kings-UOP"]
[Site "?"]
[Date "2000.04.27"]
[Round "?"]
[White "Gryparis, J"]
[Black "Micklich, F"]
[Result "0-1"]
[WhiteElo "1433"]
[BlackElo "1609"]
[PlyCount "118"]
[EventDate "2000.??.??"]

1. e4 g6 2. Nf3 Bg7 3. d4 d6 4. Be3 Nf6 5. h3 Nxe4 6. Bd3 Nf6 7. O-O Nc6 8. Bb5
Bd7 9. c3 O-O 10. Qd2 e5 11. Bh6 a6 12. Bxg7 Kxg7 13. Bxc6 Bxc6 14. dxe5 Ne4
15. Qd4 dxe5 16. Qxe5+ Kg8 17. Nh2 Re8 18. Qf4 Qd5 19. Ng4 Re6 20. Ne3 Qd7 21.
Rd1 Qe7 22. Nd2 Rf6 23. Qh4 Nxf2 24. Ng4 Nxg4 25. Qxg4 Qe3+ 26. Kh2 Rf2 27. Nc4
Qc5 28. Rd2 Re8 29. Qg3 Rxd2 30. Nxd2 Re2 31. Nb3 Qb6 32. Rg1 Rxb2 33. Nd4 Bd7
34. Qe5 Qd6 35. Re1 Rxa2 36. Kg1 Ra3 37. Nf3 Qxe5 38. Nxe5 Be6 39. c4 a5 40.
Nf3 a4 41. Ng5 Rb3 42. Nxe6 fxe6 43. Ra1 a3 44. Kf2 c6 45. Kf1 b5 46. cxb5 cxb5
47. Ke1 b4 48. Ke2 Rb2+ 49. Kd3 a2 50. Kc4 b3 51. Kc3 Rb1 52. g4 Rxa1 53. Kxb3
Rh1 54. Kxa2 Rxh3 55. Kb2 Rg3 56. Kc2 Rxg4 57. Kd3 Rf4 58. Ke3 Rf5 59. Ke4 h5
0-1

[Event "Exemplars-Knights"]
[Site "?"]
[Date "2000.04.27"]
[Round "?"]
[White "Benesa, A"]
[Black "Fridman, Y"]
[Result "1-0"]
[WhiteElo "2281"]
[BlackElo "1981"]
[PlyCount "112"]
[EventDate "2000.??.??"]

1. Nf3 Nf6 2. g3 g6 3. Bg2 c6 4. O-O Bg7 5. c4 O-O 6. d4 d5 7. Nc3 dxc4 8. a4
a5 9. e4 Na6 10. Qe2 Nd7 11. Rd1 Nb6 12. Be3 Nb4 13. Ne1 e6 14. f3 Qc7 15. Qf2
Nd7 16. f4 f5 17. Bf1 fxe4 18. Bxc4 Nf6 19. h3 Nbd5 20. Rac1 Nxc3 21. bxc3 Nd5
22. Ng2 Qd7 23. h4 b5 24. Bb3 Ba6 25. c4 bxc4 26. Bxc4 Rfb8 27. Bxa6 Rxa6 28.
Qc2 Rb4 29. Qxe4 Rxa4 30. Bf2 Rb4 31. Ne1 Nf6 32. Qe2 Ra8 33. Nd3 Rxd4 34. Bxd4
Qxd4+ 35. Nf2 Qa7 36. Qxe6+ Kh8 37. Rxc6 h6 38. Rdc1 Re8 39. Rc8 Rxc8 40. Rxc8+
Kh7 41. h5 Qb7 42. hxg6+ Kxg6 43. g4 Qb1+ 44. Kh2 Kh7 45. Rc7 Qg6 46. Ra7 h5
47. gxh5 Nxh5 48. Qh3 Qh6 49. Nd3 Nf6 50. Rxa5 Qxh3+ 51. Kxh3 Kg6 52. Rg5+ Kf7
53. Ne5+ Kf8 54. Ng4 Ne4 55. Ra5 Bc3 56. Ra7 Bd2 1-0

[Event "Exemplars-Knights"]
[Site "?"]
[Date "2000.04.27"]
[Round "?"]
[White "Gazmen, B"]
[Black "Horton, D"]
[Result "1-0"]
[WhiteElo "2085"]
[BlackElo "1813"]
[PlyCount "69"]
[EventDate "2000.??.??"]

1. c4 e5 2. g3 c6 3. Bg2 Nf6 4. Nc3 Bb4 5. e4 O-O 6. Nge2 6... d6 { OK, I know
I show this position fairly often. Here, the interesting difference is that
Black's dark-squared Bishop is outside the Pawn chain. Usually, we've seen it
at e7 or g7.} 7. a3 7... Bc5 { Obviously targeting f2. If White may have
castling problems if he covers g4 immediately:} 8. O-O (8. h3 Be6 9. b3 {
so d4 is possible} 9... Qd7 {stopping 0-0 as it would allow Bxh3}) 8... Bg4 9.
h3 Be6 10. b3 a5 11. d4 {
The second time White gains space with attack to the Bishop.} 11... Ba7 (11...
exd4 12. Nxd4 {White has a huge center and can expand more with an eventual f4.
}) 12. Qd3 $1 { This one took me a while to understand. When White plays f4,
he'd like Be3 to have been played. f4 unprotects it, so Qd3! takes care of
this. Furthermore, after f4, f5 can be strong since this Queen attacks f5 (and
h7) indirectly.} 12... Qc8 13. Kh2 { Black needs to finish development.  Nbd7,
Rd8, Nf8 defends and threatens to counterattack with -d5.} 13... Nh5 { } 14. g4
{ I've played 14. f4 threatening f5 instead} 14... Nf6 15. Bg5 {
Black's moves with the two minor pieces have only delayed his development.}
15... Ne8 16. Be7 16... Nc7 { } 17. dxe5 Re8 18. Bxd6 Rd8 19. f4 { Amazingly
ite still not only moved all his Pawns, but still has them on the board as
well!} 19... Ne8 20. f5 Nxd6 21. exd6 21... Bd7 { Black's King has no
defenders! A piece placement of e5,Nf4,Be4 sets up f6. Then, if Black plays g6,
White can sac Bishop , then Knight, and mate} 22. e5 Na6 23. Ne4 ({
Continuing my plan with} 23. Nf4 23... Nc5 24. Qb1 { } 24... b5 25. b4 axb4 26.
axb4 Na6 27. Be4 bxc4 28. f6 { } 28... g6 { the position in mind at move 21} (
28... Rb8 29. fxg7 Rxb4 30. Bxh7+ Kxg7 31. Nh5+ { } 31... Kh8 (31... Kf8 32.
Rxf7+ $1 32... Kxf7 33. Qg6+ Kf8 34. Qg8#) 32. Qc1 Kxh7 33. Rxf7+) 29. Nxg6 $1
29... hxg6 30. Bxg6 { } 30... Be6 (30... fxg6 $4 31. Qxg6+ Kf8 32. Qg7+ Ke8 33.
Qe7#) 31. Qc1 (31. Bxf7+ $5 { } 31... Bxf7 (31... Kxf7 32. Qh7+ Ke8 33. Qe7#)
32. Rf5 {with Rg5-g7 finishing up.}) 31... fxg6 32. Qh6 Rd7 33. Qxg6+ 33... Kh8
{ White needs time to get in g5, Rf4-h4}) 23... Re8 24. Qc3 Nc5 25. N2g3 Nxe4
26. Bxe4 { White is winning without all the complicated attacking stuff.
Black's Bishop is now shut out.} 26... Qd8 27. c5 {Blacks's only way to stop
this is with -b6 or -c5, neither of which is any better for the Bishop!} 27...
b6 28. b4 28... Rb8 { } 29. b5 $1 {
Bringing the Pawns home--White still has eight!} 29... Rc8 30. Nh5 30... Qg5 { 
} 31. cxb6 31... cxb5 { } 32. Qxa5 Bb8 33. b7 Rc4 34. Ng3 34... Rxe5 {
No suggestions here outside of -f6.} {Fritz likes} 35. Rae1 {with idea Bd3.} (
35. f6 {sets up Qd8+ problems} 35... Re8) 1-0

[Event "Knights-Exemplars"]
[Site "?"]
[Date "2000.04.27"]
[Round "?"]
[White "Thomson, J"]
[Black "Friske, T"]
[Result "1/2-1/2"]
[WhiteElo "1653"]
[BlackElo "1988"]
[PlyCount "57"]
[EventDate "2000.??.??"]

1. e4 e6 2. d4 d5 3. exd5 exd5 4. c4 Nf6 5. Nc3 Nc6 6. Nf3 Be7 7. Be2 O-O 8.
O-O Bg4 9. Bf4 dxc4 10. d5 Na5 11. Rc1 Bd6 12. Bg5 Bxf3 13. Bxf3 Be5 14. Re1
Re8 15. Qa4 c6 16. Bxf6 gxf6 17. dxc6 Nxc6 18. Bxc6 bxc6 19. Qxc4 Qd2 20. Ne4
Qxb2 21. Qxc6 Rec8 22. Qxc8+ Rxc8 23. Rxc8+ Kg7 24. Ng3 Bxg3 25. hxg3 Qxa2 26.
Re7 a5 27. Rcc7 a4 28. Ra7 a3 29. Ra6 1/2-1/2

[Event "Knights-Exemplars"]
[Site "?"]
[Date "2000.04.27"]
[Round "?"]
[White "Cygan, J"]
[Black "Bronfeld, A"]
[Result "1/2-1/2"]
[WhiteElo "1598"]
[BlackElo "1825"]
[PlyCount "106"]
[EventDate "2000.??.??"]

1. e4 d5 2. exd5 Nf6 3. Nc3 Nxd5 4. Qf3 Nxc3 5. Bc4 e6 6. dxc3 Nc6 7. Qg3 f6 8.
Be3 Qd6 9. Bf4 e5 10. Be3 Na5 11. Rd1 Qc6 12. Bd5 Qb5 13. b3 Bf5 14. Bf3 Rd8
15. Rxd8+ Kxd8 16. Bd1 Qd7 17. Ne2 Nc6 18. O-O Bd6 19. f4 Kc8 20. Qf3 Bg4 21.
Qf2 a6 22. Ng3 exf4 23. Bxg4 Qxg4 24. Bxf4 Bxf4 25. Qxf4 Qxf4 26. Rxf4 Re8 27.
Kf2 Kd7 28. Nh5 Re7 29. Rg4 Ne5 30. Rxg7 Rxg7 31. Nxg7 Ng4+ 32. Kg3 Ne3 33. Kf2
Nd1+ 34. Kf3 Nxc3 35. Nh5 Ke7 36. a4 c6 37. Nf4 Kd6 38. Kg4 Nd1 39. Kh5 Ne3 40.
c3 b6 41. Kh6 Ng4+ 42. Kxh7 Nxh2 43. Kg6 Ke7 44. Kf5 Nf1 45. Kg6 Ne3 46. g3 Nf1
47. Nh5 Nd2 48. b4 Ne4 49. c4 Nd2 50. b5 cxb5 51. cxb5 axb5 52. axb5 Ne4 53.
Kf5 Nd6+ 1/2-1/2

[Event "Exemplars-Kings"]
[Site "?"]
[Date "2000.04.27"]
[Round "?"]
[White "Cumberland, M"]
[Black "Almaula, J"]
[Result "0-1"]
[WhiteElo "1357"]
[BlackElo "1219"]
[PlyCount "44"]
[EventDate "2000.??.??"]

1. e3 c5 2. d3 d5 3. Nd2 Nc6 4. g3 Nf6 5. Bg2 e5 6. c4 Nb4 7. Qb3 Be6 8. a3
dxc4 9. dxc4 Nd3+ 10. Kf1 Nxc1 11. Rxc1 Qxd2 12. Ne2 Rd8 13. Bxb7 Bh3+ 14. Bg2
Bxg2+ 15. Kxg2 Qxe2 16. Rhe1 Qd3 17. Rc3 Qd7 18. Rcc1 Bd6 19. Qc2 O-O 20. e4
Nh5 21. Rcd1 Qg4 22. h3 Nf4+ 0-1

[Event "Individual"]
[Site "?"]
[Date "2000.05.20"]
[Round "1"]
[White "Easton, R"]
[Black "Staples, C"]
[Result "0-1"]
[WhiteElo "1746"]
[BlackElo "1488"]
[PlyCount "113"]
[EventDate "2000.??.??"]

1. d4 Nf6 2. c4 c5 3. d5 b5 4. cxb5 a6 5. bxa6 g6 6. Nc3 Bg7 7. e4 d6 8. Bb5+
Bd7 9. Bxd7+ Qxd7 10. Nf3 O-O 11. O-O 11... Nxa6 { } 12. Bg5 h6 13. Bd2 Rfb8
14. Qc1 Kh7 15. Rb1 Nb4 16. a3 Nd3 17. Qc2 c4 18. b3 18... Qc7 { } 19. bxc4
Qxc4 20. Rxb8 Rxb8 21. Qa4 Qxa4 22. Nxa4 Nxe4 23. Be3 Rb3 24. Nd4 Rxa3 25. Nb6
Nc3 26. Nc6 Bf6 27. g3 g5 28. Kg2 28... Ra2 { } 29. Nd4 Kg6 30. Nb3 Rb2 31. Nc1
Nb4 32. Nc4 Rb1 33. Nd2 Rb2 34. Nc4 Rb1 35. Nd2 Ra1 36. Ndb3 36... Ra6 { } 37.
Bd4 Nbxd5 38. Bxc3 Nxc3 39. f4 gxf4 40. Rxf4 Ra4 41. Nd3 Rxf4 42. Nxf4+ Kf5 43.
Kf3 e5 44. g4+ Kg5 45. Nh5 e4+ 46. Ke3 Be5 47. h3 47... d5 { } 48. Nd4 Nd1+ 49.
Ke2 Nf2 50. Nc6 Bd6 51. Nd8 Kg6 52. Nb7 Bb4 53. Ke3 Nxh3 54. Nf4+ Nxf4 55. Kxf4
Bd2+ 56. Ke5 e3 57. Nc5 0-1

[Event "Individual"]
[Site "?"]
[Date "2000.05.20"]
[Round "2"]
[White "Eustace, D"]
[Black "Smith, B"]
[Result "0-1"]
[WhiteElo "1619"]
[BlackElo "1585"]
[PlyCount "72"]
[EventDate "2000.??.??"]

1. e4 c6 2. d4 d5 3. Nc3 dxe4 4. Nxe4 Nd7 5. Nf3 Ngf6 6. Bd3 Nxe4 7. Bxe4 Nf6
8. Qd3 Nxe4 9. Qxe4 Qb6 10. O-O e6 11. Re1 Be7 12. b3 12... O-O { } 13. Bg5 Qc7
14. Re3 h6 15. Bf4 Bd6 16. Ne5 16... c5 { } 17. Bxh6 f5 18. Qh4 cxd4 19. Bxg7
Qxg7 20. Rg3 { } 20... Bxe5 21. Rxg7+ Bxg7 22. Rd1 Bd7 23. Qe7 Rad8 24. Rd3 f4
25. g3 f3 26. Rxf3 Bc8 27. Rf4 27... Rde8 { } 28. Rxf8+ Rxf8 29. h4 e5 30. h5
Rf7 31. Qd8+ Rf8 32. Qg5 Rf5 33. Qg6 Rf6 34. Qe4 b6 35. g4 35... Rf4 { } 36.
Qg6 Rxg4+ 0-1

[Event "Individual"]
[Site "?"]
[Date "2000.05.20"]
[Round "3"]
[White "Smith, B"]
[Black "Staples, C"]
[Result "1-0"]
[WhiteElo "1585"]
[BlackElo "1488"]
[PlyCount "95"]
[EventDate "2000.??.??"]

1. d4 Nf6 2. Nf3 g6 3. Bg5 Bg7 4. Qc1 h6 5. Bd2 Nc6 6. c3 b6 7. Na3 Bb7 8. Nc4
d6 9. Qc2 O-O 10. e4 10... e5 { } 11. d5 Ne7 12. Bd3 Nd7 13. Ne3 c5 14. c4 Bc8
15. a4 Nb8 16. O-O f5 17. exf5 gxf5 18. Be2 { } 18... f4 19. Nd1 a5 20. Nc3 Bf5
21. Bd3 Ra7 22. Nh4 Bxd3 23. Qxd3 Rf6 24. Ne4 Rf7 25. Qh3 Qd7 26. Qe6 Qxe6 27.
dxe6 { } 27... Rf6 28. Nxf6+ Bxf6 29. Nf3 e4 30. Ne1 Ng6 31. g3 Rg7 32. Ra3
Bxb2 33. Rb3 Be5 34. Rxb6 { } 34... fxg3 35. Rxb8+ Kh7 36. hxg3 d5 37. Rc8 dxc4
38. Rxc5 c3 39. Bxc3 Bxc3 40. Rxc3 Nf4 41. Kh2 Nxe6 42. Ng2 Rg5 43. Rd1 43...
Rc5 { } 44. Rcc1 Kg7 45. Nf4 Kf7 46. Rd5 Rxd5 47. Nxd5 Nd4 48. Kg2 1-0

[Event "Individual"]
[Site "?"]
[Date "2000.05.20"]
[Round "4"]
[White "Gaines, I"]
[Black "Smith, B"]
[Result "1-0"]
[WhiteElo "1691"]
[BlackElo "1585"]
[PlyCount "48"]
[EventDate "2000.??.??"]

1. d4 d5 2. c4 c6 3. Nf3 Nf6 4. Nc3 dxc4 5. e4 b5 6. a4 6... b4 { } 7. e5 Nd5
8. Ne4 c3 9. bxc3 Nxc3 10. Nxc3 bxc3 11. Qc2 Bg4 12. Be3 Bxf3 13. gxf3 13...
Qa5 { } 14. Bd3 e6 15. Ke2 g6 16. h4 16... h5 { } 17. Bxg6 fxg6 18. Qxg6+ Kd7
19. Qf6 Qa6+ 20. Kd1 Qd3+ 21. Kc1 { } 21... c2 22. Qxh8 Na6 23. Qxh5 Rb8 24.
Qf7+ Be7 1-0